Constituição, direitos fundamentais e política : (Record no. 446)

MARC details
000 -LÍDER
Campo Fixo de Controle 01059nam a2200265 a 4500
001 - NÚMERO DE CONTROLE
Campo de Controle 446
003 - IDENTIFICAÇÃO DO NÚMERO DE CONTROLE
Campo de Controle BR-CuiBMT
005 - DATA E HORA DA ÚLTIMA ATUALIZAÇÃO
Campo de Controle 20231106232550.0
008 - DADOS FIXOS
Dados Fixos 231106b2017 mgba 000 0 eng d
020 ## - INTERNATIONAL STANDARD BOOK NUMBER
Nº do ISBN 9788545001850
040 ## - AGÊNCIA CATALOGADORA
Código da Agência Catalogadora BR-CuiBMT
Agência que transcreveu o registro BR-CuiBMT
080 ## - Nº DA CLASSIFICAÇÃO DECIMAL UNIVERSAL
Nº edição CDU 2007
Nº Class. CDU 342.7:32
090 ## - NÚMERO DE CHAMADA
Nº classificação 342.7:32
Cutter C758
245 00 - TÍTULO PRINCIPAL
Título principal Constituição, direitos fundamentais e política :
Subtítulo estudos em homenagem ao professor José Joaquim Gomes Canotilho /
Indicação de responsabilidade Hélio Pinheiro Pinto ... [et al.] coordenadores ; [autores Alberto Jorge Correia de Barros Lima ... et al.].
260 ## - PUBLICAÇÃO, DISTRIBUIÇÃO, ETC.
Local de publicação Belo Horizonte :
Editora Fórum,
Data 2017.
300 ## - DESCRIÇÃO FÍSICA
N. páginas ou volumes 563 p. :
Ilustrações il. ;
Dimensões 24 cm
500 ## - NOTAS GERAIS
Notas gerais Vários autores.
505 ## - NOTA DE CONTEÚDO
Nota de conteúdo Inclui bibliografia.
650 ## - ASSUNTO TÓPICO
Cabeçalho tópico ou nome geográfico Direito constitucional
Subdivisão de forma Coletânea
Subdivisão geográfica Brasil
650 ## - ASSUNTO TÓPICO
Cabeçalho tópico ou nome geográfico Direitos e garantias individuais
Subdivisão geográfica Brasil
650 ## - ASSUNTO TÓPICO
Cabeçalho tópico ou nome geográfico Administração pública
Subdivisão geral Controle
-- Aspectos constitucionais
Subdivisão geográfica Brasil
700 1# - ENTRADA SECUNDÁRIA -- NOME PESSOAL
Nome pessoal Pinto, Hélio Pinheiro
Cód. do termo explicativo et al.
-- coord.
700 1# - ENTRADA SECUNDÁRIA -- NOME PESSOAL
Nome pessoal Lima, Alberto Jorge Correia de Barros
Termo de relação et al.
-- autores
942 ## - ELEMENTOS DE ENTRADA ADICIONAIS (KOHA)
Fonte de classificação ou esquema de arquivamento Classificação Decimal Universal
Tipo de item do Koha Livros
Holdings
Estado: removido Estado: perdido Fonte de classificação ou esquema de arquivamento Estado: danificado Indisponível para empréstimo Localização permanente Localização atual Data de aquisição Total Checkouts Número de Chamada completo Código de barras Date last seen Número do exemplar Preço efetivo a partir de Tipo de item (Koha)
    Classificação Decimal Universal     Biblioteca da Escola Superior de Contas do TCE/MT Biblioteca da Escola Superior de Contas do TCE/MT 06/11/2023   342.7:32 C758 BIBTCEMT23110192 06/11/2023 Ex. 1 06/11/2023 Livros
    Classificação Decimal Universal     Biblioteca da Escola Superior de Contas do TCE/MT Biblioteca da Escola Superior de Contas do TCE/MT 06/11/2023   342.7:32 C758 BIBTCEMT23110193 06/11/2023 Ex. 2 06/11/2023 Livros

Powered by Koha